Prophetie et divination chez les Semites /

محفوظ في:

المؤلف الرئيسي: Guillaume, Alfred, 1888-1965 (مؤلف)

مؤلفون آخرون: Marty, Jacques, 1883-

التنسيق: كتاب

اللغة: French

منشور في: Paris : Payot, 1950.

سلاسل: Bibliothèque historique.

الموضوعات:

الوسوم: إضافة وسم

لا توجد وسوم, كن أول من يضع وسما على هذه التسجيلة!

رقم الطلب: BR45 .B3 1950

LEADER 00805namaa2200277 4500
001 6246
003 OSt
005 20251007083436.0
008 130303s1950 fr b 000 0 fre d
035 |a ocm09471208 
040 |c ARCE Library 
050 4 |a BR45 .B3 1950 
100 1 |a Guillaume, Alfred,  |d 1888-1965,  |e author 
245 1 0 |a Prophetie et divination chez les Semites /   |c Alfred Guillaume ; traduction de Jacques Marty. 
264 1 |a Paris :   |b Payot,   |c 1950. 
300 |a 496 pages ;   |c 23 cm. 
490 0 |a Bibliothèque historique. 
504 |a Bibliographical footnotes. 
650 0 |a Semites   |x Religion. 
650 0 |a Judaism  |x Relations. 
650 0 |a Prophecies. 
650 0 |a Divination. 
700 1 |a Marty, Jacques,  |d 1883-  |9 35492 
901 |a reviewed 
942 |c BK  |2 lcc 
999 |c 4906  |d 4906